000 00719nam a2200217 a 4500
001 000035452
005 20200930074343.0
008 111004s2005 dr 000 0 spa d
020 _z416049
040 _aDO-SdBNP
_bspa
_cBNPHU
082 _axxxxx
_bC257f
100 1 _aCaraballo, José
_cLic.
_961294
245 1 0 _aFundamentos de contabilidad general /
_cJosé Caraballo, asesor técnico Víctor Naut.
260 _aSanto Domingo :
_bEdiciones Unicaribe,
_c2005.
300 _av. : ;
_c24 cm.
500 _aIncluye datos biografícos del autor.
500 _aIncluye glosario.
500 _aLa biblioteca posee el volumen I
504 _aBibliografía: p. 165-167
700 1 2 _aNaut, Víctor
_cLic.
_easesor.
_961295
999 _c34943
_d34943